| 000 | 00966cam a2200277 a 4500 | ||
|---|---|---|---|
| 001 | 000011881 | ||
| 005 | 20200929162613.0 | ||
| 008 | 800605s1981 pr b s001 0 spa | ||
| 020 |
_a0847705781 : _c$6.25 |
||
| 020 |
_a084770579X (pbk.) : _c$5.00 |
||
| 040 |
_aDO-SdBNP _cDLC _dDLC |
||
| 043 | _anwpr--- | ||
| 082 |
_a462.421 _bM524a |
||
| 100 | 1 |
_aMellado de Hunter, Elena. _928085 |
|
| 245 | 1 | 0 |
_aAnglicismos profesionales en Puerto Rico / _cElena Mellado de Hunter. |
| 260 |
_aRio Piedras, Puerto Ruerto : _bUniversitaria, Universidad de Puerto Rico, _c1981. |
||
| 300 |
_a204 p. ; _c21 cm. |
||
| 490 | 1 | _aMente y palabra | |
| 504 | _aBibliografía: p. [199] -204. | ||
| 650 | 4 |
_aEspañol _zPuerto Rico. _927980 |
|
| 650 | 4 |
_aEspañol _xPalabras y frases extranjeras _zPuerto Rico _xInglés _928086 |
|
| 650 | 4 |
_aIntelectuales _zPuerto Rico _xEspañol _928087 |
|
| 830 | 0 |
_aMente y palabra ; _98933 |
|
| 910 | _aCatalogación por copia / LC | ||
| 049 | _aBNGR | ||
| 999 |
_c11553 _d11553 |
||